Statistics for Famous Philosophers II - Picture Quiz

Click here to take the quiz!

General Stats

  • This quiz has been taken 65 times
  • The average score is 8 of 20

Answer Stats

Answer% Correct
Jean-Paul Sartre
83%
John Locke
81%
Simone de Beauvoir
69%
Thomas Hobbes
63%
Jean-Jacques Rousseau
56%
Michel Foucault
54%
Jeremy Bentham
44%
Francis Bacon
43%
Hannah Arendt
39%
Jürgen Habermas
39%
Thomas More
37%
Theodor W. Adorno
35%
Edmund Husserl
28%
John Dewey
26%
Emil Cioran
24%
Auguste Comte
22%
Max Stirner
22%
Friedrich Wilhelm Schelling
17%
Jean-François Lyotard
13%
Karl Jaspers
7%

Score Distribution

Percentile by Number Answered

Percent of People with Each Score

Your Score History

You have not taken this quiz